Ricostruisci la Carriera del Calciatore - Ronaldo - Statistics

Statistiche generali
  • Questo quiz è stato fatto 79 volte
  • Il punteggio medio è 5 su 7
Statistiche sulle risposte
Hint Risposta % Corretto
1993-1994 Cruzeiro
79%
2007-2008 Milan
75%
1997-2002 Inter
73%
2002-2007 Real Madrid
68%
2009-2011 Corinthians
63%
1996-1997 Barcellona
59%
1994-1996 PSV
54%
Nessun quiz corrispondente trovato
Distribuzione punteggi
Percentuale di utenti per punteggio
Percentile per numero di risposta
I tuoi punteggi nel tempo
Non hai fatto questo quiz